| 000 | 00585nam a22001817a 4500 | ||
|---|---|---|---|
| 005 | 20251108175614.0 | ||
| 008 | 250721s2019 xx 000 0 ara d | ||
| 082 | 1 | 4 | _a658.5/طوي |
| 100 | 1 | _aالطويل، أكرم | |
| 245 | 1 | 0 | _aمداخل الإيصاء الواسع ودورها في أبعاد رأس المال الزبائني / |
| 264 | 1 |
_aعمان : _bدار جرير للنشر والتوزيع، _c2019. |
|
| 300 | _a254ص. | ||
| 650 | 1 | 7 | _aالادارة |
| 650 | 1 | 7 | _aالانتاج |
| 700 | 1 | _aالدوسكي، جهان | |
| 942 |
_2ddc _cBK |
||
| 999 |
_c138092 _d138092 |
||